[Event "Extremadura-chT Honor"]
[Site "Badajoz"]
[Date "2011.01.29"]
[Round "4"]
[White "De la Torre Suarez, Angel"]
[Black "Santos, Luis M"]
[Result "0-1"]
[WhiteElo "2114"]
[BlackElo "2366"]
[PlyCount "52"]
[EventDate "2011.01.08"]
[EventType "team"]
[EventRounds "9"]
[EventCountry "ESP"]
[SourceTitle "EXT 2014"]
[Source "ChessBase"]
[SourceDate "2013.11.20"]
[SourceVersion "1"]
[SourceVersionDate "2013.11.20"]
[SourceQuality "1"]

1. e4 c5 2. Nf3 Nc6 3. b3 Nf6 4. e5 Nd5 5. Bc4 Nb6 6. Be2 g6 7. c3 Bg7 8. d4 cxd4 9. cxd4 d6 10. exd6 Qxd6 11. Be3 0-0 12. Nc3 Rd8 13. Nb5 Qd7 14. a4 a6 15. a5 Nd5 16. Na3 Nc3 17. Qd2 Nxe2 18. Kxe2 Nxd4+ 19. Bxd4 Bxd4 20. Qxd4 Qxd4 21. Nxd4 Rxd4 22. Rad1 Rxd1 23. Rxd1 Be6 24. b4 Rc8 25. b5 axb5 26. Rb1 Rc5 0-1

[Event "Extremadura-chT Honor"]
[Site "Badajoz"]
[Date "2011.01.15"]
[Round "2"]
[White "De la Torre Suarez, Angel"]
[Black "Macias Rodriguez, Francisco"]
[Result "1-0"]
[WhiteElo "2114"]
[BlackElo "2028"]
[PlyCount "45"]
[EventDate "2011.01.08"]
[EventType "team"]
[EventRounds "9"]
[EventCountry "ESP"]
[SourceTitle "EXT 2014"]
[Source "ChessBase"]
[SourceDate "2013.11.20"]
[SourceVersion "1"]
[SourceVersionDate "2013.11.20"]
[SourceQuality "1"]

1. e4 c6 2. c4 d5 3. cxd5 cxd5 4. exd5 Qxd5 5. Nc3 Qd8 6. d4 Nf6 7. Nf3 g6 8. Bc4 Bg7 9. Ne5 0-0 10. Qb3 Qxd4 11. Nxf7 e6 12. Be3 Qg4 13. Ng5 Nc6 14. Bxe6+ Bxe6 15. Qxe6+ Kh8 16. Nf7+ Rxf7 17. Qxf7 Qxg2 18. 0-0-0 Ne5 19. Qc7 Re8 20. Kb1 b5 21. Bd4 Nc4 22. Rhe1 Nd2+ 23. Ka1 1-0

[Event "Extremadura-chT"]
[Site "Spain"]
[Date "2009.03.07"]
[Round "7.1"]
[White "De la Torre Suarez, Angel"]
[Black "Perez Candelario, Manuel"]
[Result "0-1"]
[WhiteElo "2110"]
[BlackElo "2513"]
[PlyCount "110"]
[EventDate "2009.01.17"]
[EventType "team-swiss"]
[EventRounds "9"]
[EventCountry "ESP"]
[SourceTitle "EXT 2011"]
[Source "ChessBase"]
[SourceDate "2010.11.26"]
[SourceVersion "1"]
[SourceVersionDate "2010.11.26"]
[SourceQuality "1"]
[WhiteTeam "Ateneo Cacereno"]
[BlackTeam "Extremadura Magic"]
[WhiteTeamCountry "ESP"]
[BlackTeamCountry "ESP"]

1. d4 g6 2. e4 Bg7 3. Nc3 d6 4. h3 Nd7 5. Nge2 e5 6. g4 Ngf6 7. dxe5 dxe5 8. Bg2 c6 9. Be3 0-0 10. 0-0 Qe7 11. Ng3 Nc5 12. Nce2 Nfd7 13. Qc1 b6 14. Bh6 Ba6 15. Bxg7 Kxg7 16. b3 Ne6 17. Qb2 f6 18. c4 Rad8 19. Rad1 Bc8 20. b4 Nb8 21. a3 Na6 22. Qa1 Nac7 23. Rxd8 Rxd8 24. Rd1 Ba6 25. Rxd8 Qxd8 26. Qc3 Qd1+ 27. Bf1 c5 28. h4 Qd6 29. b5 Bc8 30. f3 Nd4 31. Bh3 Be6 32. Kf2 Bf7 33. Bf1 Nce6 34. a4 Nxe2 35. Bxe2 Qd4+ 36. Qxd4 cxd4 37. Ke1 Nc5 38. Kd2 Nxa4 39. Kc2 Nc5 40. Bf1 Kf8 41. Be2 Ke7 42. Bf1 Kd6 43. h5 Nb7 44. Bd3 Na5 45. Ne2 Nxc4 46. h6 Kc5 47. Kc1 Nd6 48. f4 Bc4 49. Bxc4 Nxc4 50. g5 fxg5 51. f5 gxf5 52. exf5 Nd6 53. f6 Kd5 54. Ng3 Ke6 55. Nh5 Nxb5 0-1

[Event "Extremadura-chT"]
[Site "Spain"]
[Date "2008.03.01"]
[Round "7.2"]
[White "Figuero Toro, Julian Francisco"]
[Black "De la Torre Suarez, Angel"]
[Result "1-0"]
[WhiteElo "2245"]
[BlackElo "2142"]
[PlyCount "123"]
[EventDate "2008.01.19"]
[EventType "team-swiss"]
[EventRounds "9"]
[EventCountry "ESP"]
[SourceTitle "EXT 2011"]
[Source "ChessBase"]
[SourceDate "2010.11.26"]
[SourceVersion "1"]
[SourceVersionDate "2010.11.26"]
[SourceQuality "1"]
[WhiteTeam "Puerta Palmas"]
[BlackTeam "Ateneo Cacereno"]
[WhiteTeamCountry "ESP"]
[BlackTeamCountry "ESP"]

1. e4 c6 2. d4 d5 3. Nc3 dxe4 4. Nxe4 Nf6 5. Ng3 g6 6. Bc4 Bg7 7. N1e2 h5 8. Bg5 h4 9. Bxf6 exf6 10. Ne4 h3 11. gxh3 Bxh3 12. Qd3 f5 13. N4g3 Bh6 14. Rg1 Qe7 15. d5 cxd5 16. Bxd5 Nd7 17. Bxb7 Rd8 18. Rd1 0-0 19. Qd6 Qxd6 20. Rxd6 Nc5 21. Rxd8 Rxd8 22. Bf3 Bd2+ 23. Kd1 Bh6+ 24. Ke1 Na4 25. Nf1 Nxb2 26. Ne3 f4 27. Nd5 Bc8 28. Nexf4 Ba6 29. Nxg6 fxg6 30. Rxg6+ Bg7 31. Rxa6 Re8+ 32. Kf1 Kh8 33. Rxa7 Bd4 34. Rf7 Kg8 35. Rf4 Bg7 36. Kg2 Rb8 37. Ne7+ Kh7 38. Rh4+ Bh6 39. Be4+ Kg7 40. Nf5+ Kf6 41. Rxh6+ Ke5 42. Ng3 Nc4 43. Rh5+ Kf6 44. Rf5+ Ke7 45. Bd3 Nd6 46. Re5+ Kd7 47. a4 Nf7 48. Bb5+ Kd6 49. Rf5 Ne5 50. f4 Ng4 51. Rh5 Ne3+ 52. Kf3 Nxc2 53. Ne4+ Ke6 54. Re5+ Kf7 55. Ng5+ Kg7 56. Re7+ Kf8 57. Rd7 Na3 58. Nh7+ Kg8 59. Nf6+ Kf8 60. Rh7 Rxb5 61. axb5 Nc4 62. Nd5 1-0

[Event "Calvia Autonomicas-chT"]
[Site "Calvia"]
[Date "2007.05.04"]
[Round "2"]
[White "Romero Holmes, Alfonso"]
[Black "De la Torre Suarez, Angel"]
[Result "1-0"]
[WhiteElo "2517"]
[BlackElo "2157"]
[PlyCount "48"]
[EventDate "2007.05.03"]
[EventType "team"]
[EventRounds "5"]
[EventCountry "ESP"]
[SourceTitle "CBM 118 Extra"]
[Source "ChessBase"]
[SourceDate "2007.07.04"]
[SourceVersion "1"]
[SourceVersionDate "2007.07.04"]
[SourceQuality "1"]

1. c4 e6 2. g3 d5 3. Bg2 c5 4. d4 cxd4 5. Nf3 dxc4 6. Qxd4 Qxd4 7. Nxd4 Nf6 8. Nb5 Na6 9. 0-0 Bc5 10. Nd2 Ke7 11. Nxc4 Bd7 12. Nc3 Bc6 13. Bxc6 bxc6 14. Na4 Nd5 15. b3 Bd4 16. Ba3+ Ndb4 17. Rac1 Kf6 18. e3 Nxa2 19. exd4 Nxc1 20. Rxc1 Rab8 21. Rc3 Nb4 22. Rf3+ Kg6 23. Ne5+ Kh5 24. g4+ Kh6 1-0

[Event "Extremadura-chT"]
[Site "Spain"]
[Date "2007.01.20"]
[Round "1.2"]
[White "Gomez Romero, Jesus Manuel"]
[Black "De la Torre Suarez, Angel"]
[Result "1/2-1/2"]
[WhiteElo "1931"]
[BlackElo "2144"]
[PlyCount "129"]
[EventDate "2007.01.20"]
[EventType "team-swiss"]
[EventRounds "7"]
[EventCountry "ESP"]
[SourceTitle "EXT 2011"]
[Source "ChessBase"]
[SourceDate "2010.11.26"]
[SourceVersion "1"]
[SourceVersionDate "2010.11.26"]
[SourceQuality "1"]
[WhiteTeam "Santa Isabel"]
[BlackTeam "Ateneo Cacereno"]
[WhiteTeamCountry "ESP"]
[BlackTeamCountry "ESP"]

1. e4 d5 2. exd5 Qxd5 3. Nc3 Qa5 4. Bc4 Nf6 5. d3 c6 6. Nge2 Bg4 7. h3 Qh5 8. Be3 b5 9. Bb3 a5 10. a4 b4 11. Ne4 Nxe4 12. dxe4 Na6 13. Qd3 Bxe2 14. Qxe2 Qxe2+ 15. Kxe2 e5 16. Bc4 Nc5 17. f3 Rd8 18. Rhd1 Rxd1 19. Rxd1 Nxa4 20. Rb1 Bd6 21. Bb3 Nc5 22. Bxc5 Bxc5 23. Ra1 Bb6 24. Ba4 Kd7 25. Rd1+ Kc7 26. Rd3 Bc5 27. c3 Bd6 28. cxb4 axb4 29. Rd1 Ra8 30. b3 Bc5 31. Rc1 Kb6 32. Rd1 Bd4 33. f4 f6 34. fxe5 fxe5 35. Rf1 c5 36. Kd3 Rd8 37. Rf7 Bc3+ 38. Rd7 Rxd7+ 39. Bxd7 Kc7 40. Be6 Kd6 41. Bd5 Ke7 42. Ke2 Kf6 43. Kf3 Kg5 44. Bc4 Kh4 45. Bg8 h5 46. Bf7 Be1 47. Bd5 Bg3 48. Bf7 g5 49. Be6 g4+ 50. hxg4 hxg4+ 51. Ke2 Kg5 52. Ke3 Bh2 53. Kf2 Kf4 54. Bd5 Bg3+ 55. Ke2 Bh4 56. Kf1 Ke3 57. Kg1 c4 58. Bxc4 Kxe4 59. Kf1 Ke3 60. Be2 g3 61. Bb5 Kd2 62. Bc4 Be7 63. Bb5 Bc5 64. Bc4 e4 65. Bb5 1/2-1/2